00973cam a22002531a 450000100100000000500170001000800410002701000130006802000150008103500190009604000250011508200240014010000280016424501150019225000130030726000470032030000340036749000810040150400510048265000270053365100470056070000310060783000810063800001356620250701132841.0801014s1986 mx a b 001 0 spa d a75590634 a9632300207 a(DLC) 75590634 aDO-SdBNPbBNPHUcDLC a338.91bS958s, 19861 aSunkel, Osvaldo,d1929-13aEl subdesarrollo latinoamericano y la teoría del desarrollo /cOsvaldo Sunkel ; colaboración de Pedro Paz. a19a. ed. aMexico :bSiglo Veintiuno Editores,c1986. aviii, 385 p. :bil. ;c23 cm.1 aTextos del Instituto Latinoamericano de planificación Económica y Social aIncluye referencia bibliográfica e índice. 0aDesarrollo económico 4aAmérica LatinaxCondiciones Económicas1 aPaz, Pedro,ejoint author. 0aTextos del Instituto Latinoamericano de planificación Económica y Social